000 003740000a22001450004500
003 MACL
040 _aMACL
090 _c8302
_d8301
100 _aPhadke, D.N.
245 _aGeographical Information Systems In Library and Information Service
260 _bConcept Publishing Company
_c2006
350 _a350
650 _aLibrary And Information Science
942 _cBOOK
_k020
999 _c8251
_d8251